000 00512cam a22002171 4500
001 sa 67005579
003 DLC
005 20260227112358.0
008 900108s1966 ii 000 1 beno
010 _asa 67005579
035 _a(OCoLC)20860715
040 _aDLC
_cWaU
_dDLC
042 _apremarc
050 0 0 _aPK1718.M47
_bC33
100 1 _aMitra, Bimal,
_d1912-1991.
245 1 0 _aCāra cokhera khelā.
260 _c[1966]
300 _a203 p.
_c22 cm.
500 _aIn Bengali.
500 _aA novel.
999 _c75286
_d75286